Etapes sur le chemin de la vie
Αποθηκεύτηκε σε:
| Μορφή: | Βιβλίο |
|---|---|
| Γλώσσα: | Γαλλικά |
| Έκδοση: |
París
Gallimard
1948
|
| Σειρά: | Classiques de la Philosophie
|
| Θέματα: | |
| Ετικέτες: |
Προσθήκη ετικέτας
Δεν υπάρχουν, Καταχωρήστε ετικέτα πρώτοι!
|
MARC
| LEADER | 00000nam a2200000 a 4500 | ||
|---|---|---|---|
| 001 | UCZ4245 | ||
| 003 | CL-VaPUC | ||
| 008 | 951106e19480000FR |||||||||||||||||fre|d | ||
| 082 | 0 | 4 | |a 142.78 |b KIE |2 21 |
| 245 | 1 | 0 | |a Etapes sur le chemin de la vie |
| 300 | |a 421 p | ||
| 942 | |c BK | ||
| 945 | |d 19951106 00:00:00 |a cmena | ||
| 260 | |a París |b Gallimard |c 1948 | ||
| 650 | 0 | |a Existencialismo |9 265698 | |
| 650 | 0 | |a Filosofía danesa |9 266957 | |
| 650 | 0 | |a Escuelas filosóficas |9 266232 | |
| 650 | 7 | |a MATRIMONIO |2 CL-VaPUC |9 348224 | |
| 583 | |a last modification |c 19951106 00:00:00 |k Rodrigo Vera | ||
| 490 | 0 | |a Classiques de la Philosophie | |
| 999 | |c 240660 |d 240658 | ||
| 952 | |0 0 |1 0 |4 0 |6 142_780000000000000_KIE_1948 |7 0 |8 P |9 252643 |a BIBEDU |b BIBEDU |c BIBEDU_PB |d 2019-11-18 |i 1594400 |o 142.78 KIE 1948 |p 1594400 |r 2024-01-25 |w 2019-11-18 |y BK |k FIL | ||